NLSUI OPAC header image

IP strategy : Complete intellectual property planning, access and protection (Record no. 19792)

MARC details
000 -LEADER
fixed length control field 00441nam a2200157Ia 4500
008 - FIXED-LENGTH DATA ELEMENTS--GENERAL INFORMATION
fixed length control field 160316s2002 xxu||||| |||| 00| 0 eng d
082 ## - DEWEY DECIMAL CLASSIFICATION NUMBER
Classification number 346.048000
Item number ANA
100 ## - MAIN ENTRY--PERSONAL NAME
Personal name Anawalt Howard C
245 ## - TITLE STATEMENT
Title IP strategy : Complete intellectual property planning, access and protection
250 ## - EDITION STATEMENT
Edition statement
260 ## - PUBLICATION, DISTRIBUTION, ETC.
Place of publication, distribution, etc. New York
Name of publisher, distributor, etc. Thomson/West
Date of publication, distribution, etc. 2002
300 ## - PHYSICAL DESCRIPTION
Extent Var
Other physical details
Dimensions
365 ## - TRADE PRICE
Price amount Rs.9,642.60
650 ## - SUBJECT ADDED ENTRY--TOPICAL TERM
Topical term or geographic name entry element
700 ## - ADDED ENTRY--PERSONAL NAME
Personal name Powers Elizabeth Enayati
--
Holdings
Withdrawn status Lost status Damaged status Not for loan Home library Current library Shelving location Date acquired Cost, normal purchase price Total Checkouts Full call number Barcode Date last seen Price effective from Koha item type
        . . Library Compactors 30.05.2017 9642.60   346.048 ANA 17959 30.05.2017 30.05.2017 BOOKs